000 00306nam a22001457a 4500
008 230324b ||||| |||| 00| 0 eng d
020 _a0409900605
041 _aeng
080 _a61
082 _a61FAN
100 _a12
101 _aOFTAMO
245 _aCLINICAL OPTICS
_cFANNIN.E.T
942 _2udc
_cBK
999 _c59452
_d59452